Sports Quiz

Random Sports or Baseball Quiz

MLB 2016 Team Leaders (Hitting) Quiz Stats

 Plays Quiz Updated Jul 3, 2017

Support Sporcle.
Go Orange.
Score 0/210 Timer 20:00
0 Plays Today
% Correct
Kris Bryant
88.7%
Kris Bryant
88.7%
Kris Bryant
88.7%
Kris Bryant
88.7%
David Ortiz
86.8%
David Ortiz
86.8%
David Ortiz
86.8%
Anthony Rizzo
86.7%
Mike Trout
86.6%
Mike Trout
86.6%
Mike Trout
86.6%
Mike Trout
86.6%
Mike Trout
86.6%
Chris Davis
85.8%
Chris Davis
85.8%
Miguel Cabrera
85.7%
Miguel Cabrera
85.7%
Miguel Cabrera
85.7%
Miguel Cabrera
85.7%
Khris Davis
85.6%
Khris Davis
85.6%
Khris Davis
85.6%
Khris Davis
85.6%
Khris Davis
85.6%
Rajai Davis
85.5%
Paul Goldschmidt
85.3%
Paul Goldschmidt
85.3%
Paul Goldschmidt
85.3%
Asdrubal Cabrera
85.1%
Adrián González and Justin Turner
83.7%
José Altuve and Carlos Correa
83.6%
José Altuve
83.3%
José Altuve
82.9%
Giancarlo Stanton
82.2%
Giancarlo Stanton
82.2%
Joey Votto
81.6%
Joey Votto
81.6%
Joey Votto
81.6%
Bryce Harper
81.3%
Mookie Betts
81%
Mookie Betts
81%
Mookie Betts
81%
Albert Pujols
80.4%
Albert Pujols
80.3%
Freddie Freeman
77.7%
Freddie Freeman
77.7%
Freddie Freeman
77.7%
Freddie Freeman
77.7%
Freddie Freeman
77.7%
Freddie Freeman
77.7%
Andrew McCutchen
76.6%
Andrew McCutchen
76.6%
Andrew McCutchen
76.6%
Andrew McCutchen
76.6%
Andrew McCutchen
76.6%
Yasmani Grandal and Justin Turner
76.5%
Brandon Belt
76.3%
Brandon Belt
76.3%
Brandon Belt
76.3%
Trea Turner
75.4%
Edwin Encarnación
74.9%
Edwin Encarnación
74.9%
Nolan Arenado
74.9%
Nolan Arenado
74.9%
Nolan Arenado
74.9%
Nolan Arenado
74.9%
Mark Trumbo
74.7%
Mark Trumbo
74.7%
Evan Longoria
73.9%
Evan Longoria
73.9%
% Correct
Evan Longoria
73.9%
Evan Longoria
73.9%
Josh Donaldson
72.5%
Josh Donaldson
72.5%
Josh Donaldson
72.5%
Manny Machado
72.4%
Manny Machado
72.4%
Dee Gordon
71.8%
José Abreu
71.6%
José Abreu
71.6%
Nelson Cruz
71.6%
Nelson Cruz
71.6%
Nelson Cruz
71.6%
Alex Gordon
71.5%
Buster Posey
71.5%
Buster Posey
71.5%
Mike Napoli and Carlos Santana
71.3%
Robinson Canó
70.9%
Robinson Canó
70.9%
Eric Hosmer
70.8%
Eric Hosmer
70.8%
Eric Hosmer
70.8%
Yoenis Céspedes
68%
Yoenis Céspedes
68%
Corey Seager
67.2%
Corey Seager
67.2%
Adrián Beltré
67.2%
Adrián Beltré
67.2%
Corey Seager
67.2%
Kyle Seager
66.9%
Francisco Lindor
66.5%
Francisco Lindor
66.5%
Mike Napoli
65.6%
Mike Napoli
65.6%
Brian Dozier
64.3%
Brian Dozier
64.3%
Brian Dozier
64.3%
Brian Dozier
64.3%
Brian Dozier
64.3%
Carlos Santana
63.6%
Billy Hamilton
63.4%
Todd Frazier
62%
Todd Frazier
62%
Todd Frazier
62%
Todd Frazier
62%
Dexter Fowler
61.8%
Leonys Martín
60.8%
Starlin Castro and Didi Gregorius
59.3%
Matt Carpenter
59.2%
Starlin Castro and Chase Headley
58.8%
Daniel Murphy
58.1%
Daniel Murphy
58.1%
Daniel Murphy
58.1%
Chris Carter
58%
Chris Carter
58%
Chris Carter
58%
Christian Yelich
57.9%
Christian Yelich
57.9%
Christian Yelich
57.9%
Starlin Castro
57.9%
Starlin Castro
57.9%
Ben Zobrist
57.5%
George Springer
56.2%
George Springer
56.2%
George Springer
56.2%
Yasmani Grandal
55.6%
Joe Mauer
55.6%
Brett Gardner
54.8%
Brett Gardner
54.8%
Starling Marté
54.2%
% Correct
Wil Myers
54.1%
Wil Myers
54.1%
Wil Myers
54.1%
Wil Myers
54.1%
Wil Myers
54.1%
Wil Myers
54.1%
Justin Upton
53.6%
Brandon Crawford
53%
Ian Kinsler
52.8%
Curtis Granderson
51.5%
Curtis Granderson
51.5%
Curtis Granderson
51.5%
Charlie Blackmon
49.6%
Jacoby Ellsbury
49.6%
Yadier Molina
49.2%
Mallex Smith and Ender Inciarte
48.7%
Jackie Bradley
48.3%
Rougned Odor
47%
Jean Segura
45.1%
Jean Segura
45.1%
Maikel Franco
44.4%
Maikel Franco
44.4%
Elvis Andrus
44.1%
Evan Gattis
44.1%
Kendrys Morales
43.9%
Adam Duvall
42.7%
Adam Duvall
42.7%
Adam Duvall
42.7%
Alcides Escobar
42.6%
Stephen Piscotty and Kolten Wong
42.5%
Gregory Polanco
41%
Miguel Sano
40.7%
Stephen Piscotty
40.5%
Stephen Piscotty
40.5%
Odubel Herrera
39.8%
Odubel Herrera
39.8%
Odubel Herrera
39.8%
Adam Eaton
39.7%
Jose Reyes
39.2%
DJ LeMahieu
39.1%
Kevin Pillar
39.1%
Trevor Story
39.1%
Ian Desmond
38.3%
Ian Desmond
38.3%
Ian Desmond
38.3%
Anthony Rendon
37.6%
Jarrod Dyson
35.9%
Jonathan Villar
35.3%
Jonathan Villar
35.3%
Jonathan Villar
35.3%
Jonathan Villar
35.3%
Randal Grichuk and Brandon Moss
35%
Jake Lamb
33.3%
Yasmany Tomás
33.1%
Ángel Pagán
31%
Martín Prado
29.2%
César Hernández
28.1%
Jedd Gyorko
25.4%
Kevin Kiermaier
23.5%
Howie Kendrick
22.8%
Michael Saunders
22.6%
Brad Miller
22.2%
Danny Espinosa
22.2%
Freddy Galvis
20.8%
Cameron Maybin
20.1%
Marcus Semien
18%
Billy Burns
16.9%
Steven Souza
15.7%
Travis Jankowski
13.2%
Joey Rickard
12%

You're not logged in!

Compare scores with friends on all Sporcle quizzes.
OR
Log In
Forgot?

From the Vault

Baby Names: 'L' Girl Names By Decade

by triplet_3

On this quiz, try to think of all the failed child actresses you can think of and you'll do pretty well.
Remove Ads.
Support Sporcle.
Get the best of Sporcle when you Go Orange. This ad-free experience offers more features, more stats, and more fun while also helping to support Sporcle. Thank you for becoming a member.

Show Comments

Extras

Top Quizzes Today


Score Distribution

Your Account Isn't Verified!

In order to create a playlist on Sporcle, you need to verify the email address you used during registration. Go to your Sporcle Settings to finish the process.

Report this User

Report this user for behavior that violates our Community Guidelines.

Details: